000 01108cab a22003375a 4500
001 L154295
008 111109e20111105xxk 000 0 eng d
035 _a(Sirsi) u154295
041 0 _aeng
100 1 _aQuenby, Richard
245 0 0 _aCharity lasts forever
260 _c2011
490 _aEstates Gazette
_v(1144) 5 November 2011, 102-103(2)
520 _aThis Mainly for Students article considers the Reverter of Sites Act 1987 which deals with statutory reverter issues.
590 _aKA
650 2 4 _aREVERTER OF SITES ACT 1987
650 2 4 _aSCHOOL SITES ACT 1841
650 2 4 _aSCHOOL SITES ACT 1844
650 2 4 _aSCHOOL SITES ACT 1849
650 2 4 _aSCHOOL SITES ACT 1854
650 2 4 _aLITERARY AND SCIENTIFIC INSTITUTIONS ACT 1854
650 2 4 _aNEW PARISHES ACT 1843
650 2 4 _aNEW PARISHES ACT 1884
650 2 4 _aNEW PARISHES MEASURE 1943
650 2 4 _aCONSECRATION OF CHURCHYARDS ACT 1867
650 2 4 _aPLACES OF WORSHIP SITES ACTS 1873
650 2 4 _aFRASER V CANTERBURY DIOCESAN BOARD OF FINANCE
651 4 _aUnited Kingdom
_y
690 _aPROPERTY
942 _n0
999 _c83561
_d83561